| 000 | 00882nam a2200253 a 4500 | ||
|---|---|---|---|
| 001 | 32776 | ||
| 003 | BD-RjUL | ||
| 005 | 20211209051907.0 | ||
| 008 | 140428s1963 enk b 001 0 eng d | ||
| 035 | _a(BD-RjUL)32866 | ||
| 040 |
_aVU. _beng _cVU. _dXNTU _dBD-RjUL |
||
| 041 | _aeng | ||
| 082 | 0 | 4 |
_a302.35 _219 _bBLF 1963 |
| 100 | 1 |
_aBlau, Peter M. _q(Peter Michael) _999658 |
|
| 245 | 1 | 0 |
_aFormal organizations : _ba comparative approach / _cby Peter M. Blau and W. Richard Scott. |
| 260 |
_aLondon [England] : _bRoutledge and Kegan Paul, _c1963 [Reprinted 1964] |
||
| 300 |
_axiv, 312 [13] p.: _c23 cm. |
||
| 490 | 0 | _aInternational library of sociology and social reconstruction | |
| 504 | _aBibliography: p.258-302 and index. | ||
| 650 | 0 |
_aOrganization. _999659 |
|
| 650 | 0 |
_aAssociations, institutions, etc. _999660 |
|
| 700 | 1 |
_aScott, W. Richard. _999661 |
|
| 942 |
_2ddc _cBK |
||
| 999 |
_c32776 _d32776 |
||